[Event "IX Festival 2N"]
[Site "Porto San Giorgio ITA"]
[Date "1997.08.24"]
[Round "5"]
[White "Colabrese, Cary"]
[Black "Maggiorino, Francesco"]
[Result "1/2-1/2"]
[WhiteElo "1633"]
[BlackElo "1561"]
[PlyCount "110"]
[EventDate "1997.08.20"]

1. d4 Nf6 2. c4 c5 3. d5 b5 4. Nf3 d6 5. Qc2 b4 6. g3 g6 7. e4 Nbd7 8. Bg2 Bg7
9. O-O O-O 10. Re1 Ng4 11. h3 Nge5 12. Nh4 Ba6 13. Bf1 Nb6 14. Nd2 Qc8 15. Kg2
e6 16. f4 Ned7 17. Nb3 exd5 18. exd5 Bb7 19. Qd1 a5 20. Nd2 f5 21. Ndf3 a4 22.
Ng5 Re8 23. Ne6 Bh8 24. Nf3 a3 25. Rb1 axb2 26. Rxb2 Bxb2 27. Bxb2 Rxa2 28. Qb3
Ra8 29. Bd3 Nf8 30. Nxf8 Rxe1 31. Nxe1 Qxf8 32. Nf3 Qe7 33. Kf2 Re8 34. Bc1 Nd7
35. Bd2 Nf6 36. Ng5 Ne4+ 37. Bxe4 fxe4 38. g4 e3+ 39. Bxe3 Qxe3+ 40. Qxe3 Rxe3
41. Kxe3 Ba6 42. Kd3 b3 43. Ne4 b2 44. Nd2 h5 45. Kc2 hxg4 46. hxg4 g5 47. fxg5
Kg7 48. Kxb2 Kg6 49. Kc3 Kxg5 50. Ne4+ Kxg4 51. Nxd6 Kf4 52. Nb5 Ke4 53. Na3
Bb7 54. Nc2 Bxd5 55. cxd5 Kxd5 1/2-1/2

[Event "IX Festival 2N"]
[Site "Porto San Giorgio ITA"]
[Date "1997.08.26"]
[Round "7"]
[White "Vannicola, Rodolfo"]
[Black "Colabrese, Cary"]
[Result "0-1"]
[WhiteElo "1603"]
[BlackElo "1633"]
[PlyCount "58"]
[EventDate "1997.08.20"]

1. e4 e5 2. Nf3 Nf6 3. Nxe5 d6 4. Nf3 Nxe4 5. d4 d5 6. Bd3 Be7 7. c4 Bb4+ 8.
Bd2 Nxd2 9. Nbxd2 O-O 10. O-O Bg4 11. Qb3 Nc6 12. cxd5 Bxd2 13. Nxd2 Nxd4 14.
Qc4 c5 15. f3 Bd7 16. Qxc5 Qf6 17. Ne4 Qe5 18. f4 Ne2+ 19. Bxe2 Qxe4 20. Qc4
Qe3+ 21. Kh1 Rfe8 22. Rae1 Bf5 23. Qc3 Qb6 24. Bf3 Rec8 25. Qe5 Bd3 26. Rg1 Bb5
27. Qh5 Re8 28. Rc1 Qf2 29. Rc7 g6 0-1

[Event "IX Festival 2N"]
[Site "Porto San Giorgio ITA"]
[Date "1997.08.27"]
[Round "8"]
[White "Colabrese, Cary"]
[Black "Visigalli, Cesare"]
[Result "1/2-1/2"]
[WhiteElo "1633"]
[BlackElo "1627"]
[PlyCount "53"]
[EventDate "1997.08.20"]

1. d4 Nf6 2. c4 g6 3. Nc3 d5 4. Bf4 Bg7 5. h3 O-O 6. e3 e6 7. Nf3 c6 8. Be2
Nbd7 9. O-O a6 10. c5 b5 11. Bd3 Re8 12. Ne5 Bb7 13. g4 Nxe5 14. Bxe5 Nd7 15.
Bxg7 Kxg7 16. f4 f6 17. Qf3 f5 18. g5 Rh8 19. h4 h5 20. Nb1 a5 21. Rf2 Re8 22.
Qg3 Ba6 23. Nd2 b4 24. Bc2 Qc7 25. Re1 Bb7 26. Ba4 Ba6 27. Bc2 1/2-1/2

[Event "Weekend"]
[Site "Siena ITA"]
[Date "1997.10.??"]
[Round "?"]
[White "Zanobini, Andrea"]
[Black "Mogranzini, Roberto"]
[Result "1-0"]
[WhiteElo "1759"]
[BlackElo "1834"]
[PlyCount "73"]
[EventDate "1997.10.31"]

1. d4 c5 2. e3 d5 3. c4 Nf6 4. Nf3 Bg4 5. Be2 e6 6. O-O Bxf3 7. Bxf3 Bd6 8. b3
h5 9. cxd5 Bxh2+ 10. Kxh2 Ng4+ 11. Kh3 Qd6 12. Bxg4 hxg4+ 13. Kxg4 Qxd5 14. Kg3
Rh6 15. f3 Qg5+ 16. Kf2 Qh4+ 17. Ke2 Qg3 18. Rf2 Nc6 19. Bb2 O-O-O 20. Na3 cxd4
21. exd4 e5 22. Rc1 exd4 23. Bxd4 Re6+ 24. Kf1 Rh6 25. Ke2 Re8+ 26. Be3 Rxe3+
27. Kxe3 Re6+ 28. Kd3 Rd6+ 29. Ke2 Re6+ 30. Kf1 Qh2 31. Rd2 Qh1+ 32. Kf2 Qh4+
33. Kg1 Rh6 34. Qe1 Qh2+ 35. Kf2 Qc7 36. Nc4 Rh8 37. Qe2 1-0

[Event "Grand Prix Veneto"]
[Site "Montebelluna ITA"]
[Date "1997.??.??"]
[Round "?"]
[White "Genocchio, Daniele"]
[Black "De Bortoli, Peter"]
[Result "1/2-1/2"]
[WhiteElo "2175"]
[BlackElo "2090"]
[PlyCount "127"]
[EventDate "1997.??.??"]

1. e4 c5 2. c3 d5 3. exd5 Qxd5 4. d4 Nc6 5. Nf3 Bg4 6. Be2 cxd4 7. cxd4 e6 8.
Nc3 Qd8 9. h3 Bh5 10. O-O Be7 11. Qb3 Qb6 12. Qxb6 axb6 13. d5 Bxf3 14. Bxf3
Nd4 15. Be4 e5 16. Be3 Nf6 17. Bd3 O-O 18. f4 Bc5 19. fxe5 Nd7 20. e6 fxe6 21.
dxe6 Nxe6 22. Bxc5 Nexc5 23. Bc4+ Kh8 24. Rae1 Nf6 25. Re7 Rad8 26. Rf2 Rd4 27.
Bd5 Rb8 28. Bf3 Rd7 29. Rxd7 Ncxd7 30. Nb5 Nc5 31. Nd6 h6 32. Re2 Kg8 33. Nf5
Kf8 34. a3 Ne8 35. Kf1 Rc8 36. Rc2 Rb8 37. Ke2 Kf7 38. Rd2 b5 39. g4 Kg6 40.
Rd5 b6 41. Kd2 Nf6 42. Rd6 Kg5 43. Rc6 Kf4 44. Nxg7 Nfd7 45. Ke2 Ne5 46. Rf6+
Kg3 47. Nf5+ Kh2 48. Rxh6 Re8 49. Nd6 Re7 50. Ne4 Nf7 51. Rf6 Nxe4 52. Bxe4
Rxe4+ 53. Kd3 Re7 54. Rxb6 Rd7+ 55. Kc3 Nd6 56. h4 Kh3 57. g5 Kxh4 58. g6 Kg5
59. g7 Ne4+ 60. Kb4 Rxg7 61. Kxb5 Kf4 62. a4 Ke5 63. a5 Kd5 64. Rb8 1/2-1/2

[Event "Memorial Guido Cappello C"]
[Site "Milano ITA"]
[Date "1997.01.??"]
[Round "1"]
[White "Di Blasi, Francesco"]
[Black "Saccani, Ettore"]
[Result "0-1"]
[WhiteElo "1534"]
[BlackElo "1582"]
[PlyCount "110"]
[EventDate "1997.01.18"]

1. d4 e6 2. c4 Nf6 3. Bg5 d5 4. Nc3 Be7 5. e3 Nbd7 6. Nf3 O-O 7. Bd3 dxc4 8.
Bxc4 Nd5 9. Bxe7 Nxe7 10. Qc2 c5 11. Ng5 Ng6 12. h4 Nb6 13. Be2 cxd4 14. O-O-O
Bd7 15. Rxd4 Rc8 16. Kb1 Nd5 17. h5 Qxg5 18. hxg6 Nxc3+ 19. bxc3 Rfd8 20. gxf7+
Kxf7 21. Rxh7 e5 22. Qb3+ Ke7 23. Qb4+ Kf6 24. Rd6+ Be6 25. Rxe6+ Kxe6 26. Qg4+
Qxg4 27. Bxg4+ Kf6 28. Bxc8 Rxc8 29. Kc2 Kg6 30. Rh1 Rc7 31. Rd1 Kf5 32. f3 g5
33. g4+ Ke6 34. Rd8 Rf7 35. Re8+ Kd5 36. Rd8+ Ke6 37. Re8+ Kd6 38. Rg8 Rxf3 39.
Kd3 Rf2 40. Rxg5 Rxa2 41. Rg8 Kd5 42. e4+ Ke6 43. g5 Kf7 44. Rc8 Rb2 45. Kc4 a6
46. Kd5 Rb5+ 47. Rc5 Rxc5+ 48. Kxc5 a5 49. c4 a4 50. Kb4 a3 51. Kxa3 Kg6 52.
Kb4 Kxg5 53. Kc5 Kf4 54. Kb6 Kxe4 55. Kxb7 Kd4 0-1

[Event "Memorial Guido Cappello C"]
[Site "Milano ITA"]
[Date "1997.01.??"]
[Round "2"]
[White "Saccani, Ettore"]
[Black "Dalimeg, Alfredo"]
[Result "0-1"]
[WhiteElo "1582"]
[BlackElo "1690"]
[PlyCount "82"]
[EventDate "1997.01.18"]

1. e4 c5 2. c3 d6 3. d4 cxd4 4. cxd4 Nf6 5. Nc3 Nc6 6. Nf3 Bg4 7. Be2 e6 8. Be3
Be7 9. Rc1 O-O 10. O-O d5 11. e5 Ne4 12. Nd2 Nxc3 13. Rxc3 Bxe2 14. Qxe2 Bb4
15. Rd3 a6 16. Qg4 f5 17. exf6 Qxf6 18. Nf3 Rae8 19. Rb3 Qe7 20. Bf4 Rf5 21.
Bg5 Qd7 22. Ne5 Nxe5 23. dxe5 Bc5 24. Bf6 Kh8 25. Bh4 Rxe5 26. Rg3 Re4 27. Qg5
Rf8 28. Rf3 Rxf3 29. gxf3 Re2 30. Rc1 h6 31. Qg6 b6 32. Bg3 Kg8 33. Bf4 Qf7 34.
Qg4 Rxb2 35. Be3 Rb4 36. Qg3 Bxe3 37. fxe3 Kh7 38. Rc7 Qg6 39. Rc6 Qb1+ 40. Kg2
Rb2+ 41. Kh3 Qf1+ 0-1

[Event "Memorial Guido Cappello C"]
[Site "Milano ITA"]
[Date "1997.01.??"]
[Round "4"]
[White "Ragoso, Mario"]
[Black "Saccani, Ettore"]
[Result "1-0"]
[WhiteElo "1519"]
[BlackElo "1582"]
[PlyCount "65"]
[EventDate "1997.01.18"]

1. d4 Nf6 2. c4 e6 3. Nc3 d5 4. e3 Be7 5. Nf3 Nbd7 6. Qc2 O-O 7. a3 b6 8. Nd2
c5 9. dxc5 Nxc5 10. b4 Ncd7 11. cxd5 exd5 12. Nb5 Ba6 13. Bd3 Ne5 14. O-O Rc8
15. Qb3 Nxd3 16. Qxd3 Qd7 17. a4 Bxb4 18. Bb2 Rc6 19. Nf3 Re6 20. Rab1 Bc5 21.
Ng5 Ne4 22. Nxe6 Qxe6 23. Rfd1 Rd8 24. Qb3 Bxb5 25. axb5 Qf5 26. Rf1 Nd2 27.
Qc3 Nf3+ 28. gxf3 d4 29. exd4 Bxd4 30. Qc7 Bxf2+ 31. Kxf2 Rd2+ 32. Kg1 h5 33.
Qb8+ 1-0

[Event "Memorial Guido Cappello C"]
[Site "Milano ITA"]
[Date "1997.01.??"]
[Round "7"]
[White "Raschella, Mario"]
[Black "Saccani, Ettore"]
[Result "1-0"]
[WhiteElo "1582"]
[BlackElo "1582"]
[PlyCount "128"]
[EventDate "1997.01.18"]

1. c4 Nf6 2. Nc3 c5 3. Nf3 Nc6 4. d3 g6 5. g3 Bg7 6. Bg2 O-O 7. O-O d6 8. Rb1
Bf5 9. a3 Qd7 10. Re1 Rad8 11. Bg5 Ng4 12. Nd5 Rfe8 13. b4 b6 14. b5 Nd4 15.
Nh4 f6 16. Bd2 g5 17. Nxf5 Qxf5 18. Rf1 Nh6 19. Nc7 Rf8 20. e3 Rd7 21. exd4
Rxc7 22. Bc3 Nf7 23. Qe2 Nd8 24. Be4 Qd7 25. dxc5 dxc5 26. Rbe1 Kh8 27. Qh5 f5
28. Bxg7+ Kxg7 29. Qxg5+ Kh8 30. Qf4 Rf6 31. Bd5 e6 32. Qe5 Kg7 33. Bg2 Nf7 34.
Qe2 Qd6 35. Qc2 Ne5 36. Rd1 Rd7 37. Rfe1 Qd4 38. Re3 Ng4 39. Rf3 e5 40. Re1 Re7
41. h3 Nh6 42. Qc1 Rg6 43. Qe3 Qc3 44. Qc1 Qd4 45. Qa1 Qd6 46. Rfe3 Nf7 47. Bd5
Ng5 48. Kg2 Kf6 49. f4 Nf7 50. Bxf7 Kxf7 51. Rxe5 Rxg3+ 52. Kxg3 Qxd3+ 53. R1e3
Qxe3+ 54. Rxe3 Rxe3+ 55. Kg2 Re4 56. Qc1 Kg6 57. Kf3 Rd4 58. Qg1+ Kf7 59. Qf1
Kf6 60. Qe2 Re4 61. Qd3 Rd4 62. Qc3 h5 63. h4 Ke6 64. a4 Kd6 1-0

[Event "Memorial Guido Cappello C"]
[Site "Milano ITA"]
[Date "1997.01.??"]
[Round "8"]
[White "Conti, Walter"]
[Black "Saccani, Ettore"]
[Result "1/2-1/2"]
[WhiteElo "1549"]
[BlackElo "1582"]
[PlyCount "96"]
[EventDate "1997.01.18"]

1. Nf3 Nf6 2. d4 e6 3. e3 d5 4. Ne5 c5 5. b3 Nbd7 6. f4 Nxe5 7. fxe5 Ne4 8.
Bb5+ Bd7 9. Bxd7+ Qxd7 10. O-O O-O-O 11. Qd3 f5 12. Nd2 Nxd2 13. Bxd2 Be7 14.
a4 g5 15. Qe2 h5 16. Rfc1 Kb8 17. Ba5 b6 18. Be1 Kb7 19. Bf2 Rdf8 20. c4 h4 21.
a5 dxc4 22. axb6 axb6 23. Qxc4 Ra8 24. dxc5 Qc6 25. cxb6 Qxc4 26. bxc4 Bc5 27.
e4 Bxf2+ 28. Kxf2 fxe4 29. c5 Kc6 30. Rxa8 Rxa8 31. Rc2 Ra3 32. Rb2 Ra8 33. Rc2
Rd8 34. Ke3 Kb7 35. Kxe4 Rf8 36. h3 Rf4+ 37. Kd3 Rf5 38. Re2 Rf8 39. Ke3 Rf5
40. Kd3 Rf8 41. Re3 Kc6 42. g3 Kxc5 43. b7 Kb6 44. b8=Q+ Rxb8 45. gxh4 gxh4 46.
Re4 Rh8 47. Kc4 Kc6 48. Kd4 Kd7 1/2-1/2

[Event "VI Festival B"]
[Site "Montecatini Terme ITA"]
[Date "1997.08.??"]
[Round "?"]
[White "Bonghi, Alessandro"]
[Black "Ferri, Giuseppe"]
[Result "1/2-1/2"]
[WhiteElo "1827"]
[BlackElo "1759"]
[PlyCount "57"]
[EventDate "1997.08.01"]

1. e4 e6 2. Nf3 d5 3. Nc3 Nf6 4. exd5 exd5 5. d4 Bg4 6. Bd3 Be7 7. O-O Nc6 8.
Be3 O-O 9. h3 Bh5 10. Nb1 Nb8 11. c3 c6 12. Nbd2 Qc7 13. Re1 Re8 14. Qc2 Bg6
15. Nh4 Bxd3 16. Qxd3 Bf8 17. Qf5 Nbd7 18. Re2 g6 19. Qd3 Ne4 20. Nhf3 f5 21.
Nf1 Bd6 22. Ng5 f4 23. Nxe4 Rxe4 24. Bd2 Rae8 25. Rae1 Nf6 26. Nh2 Rxe2 27.
Rxe2 Rxe2 28. Qxe2 Ne4 29. Nf3 1/2-1/2

[Event "VI Festival B"]
[Site "Montecatini Terme ITA"]
[Date "1997.08.??"]
[Round "?"]
[White "Bonghi, Alessandro"]
[Black "Rossignoli, Fabio"]
[Result "1/2-1/2"]
[WhiteElo "1827"]
[BlackElo "1701"]
[PlyCount "90"]
[EventDate "1997.08.01"]

1. e4 e5 2. Nf3 Nf6 3. d4 Nxe4 4. Bd3 d5 5. Nxe5 Nd7 6. O-O Nxe5 7. dxe5 Nc5 8.
Be2 Be7 9. c4 dxc4 10. Bxc4 Be6 11. Qc2 Qd4 12. Bxe6 Nxe6 13. Qc3 O-O 14. Be3
Qg4 15. Nd2 Bb4 16. Qc4 Qxc4 17. Nxc4 b5 18. a3 Bc5 19. Bxc5 Nxc5 20. Na5 Nd3
21. Nc6 Rfe8 22. f4 Nxb2 23. Rab1 Nc4 24. Rxb5 Nxa3 25. Ra5 Nc4 26. Rxa7 Rxa7
27. Nxa7 Ra8 28. Rb1 Na5 29. Rb5 Nc4 30. Rb7 g5 31. Rxc7 Ne3 32. fxg5 Ng4 33.
Rc8+ Rxc8 34. Nxc8 Nxe5 35. Ne7+ Kg7 36. Kf2 f6 37. gxf6+ Kxf6 38. Nd5+ Kg5 39.
Ne3 h5 40. g3 Ng4+ 41. Nxg4 Kxg4 42. Kg2 Kg5 43. h3 Kg6 44. Kf3 Kf5 45. g4+
hxg4+ 1/2-1/2

[Event "VI Festival B"]
[Site "Montecatini Terme ITA"]
[Date "1997.08.??"]
[Round "?"]
[White "Bonghi, Alessandro"]
[Black "Venturelli, Roberto"]
[Result "0-1"]
[WhiteElo "1827"]
[BlackElo "1809"]
[PlyCount "102"]
[EventDate "1997.08.01"]

1. e4 c5 2. Nf3 d6 3. d4 cxd4 4. Nxd4 Nf6 5. Nc3 a6 6. Be2 e6 7. O-O Be7 8. Be3
O-O 9. f4 Nbd7 10. Bf3 Qc7 11. Kh1 Re8 12. Qe1 Nf8 13. Qg3 e5 14. Nf5 Bxf5 15.
exf5 N8d7 16. Qf2 Bf8 17. Rae1 e4 18. Bd1 b5 19. Qd2 Qc6 20. g4 Nc5 21. g5 Nfd7
22. Qd5 Qc7 23. g6 Nf6 24. gxh7+ Kxh7 25. Qd2 d5 26. Qf2 Rad8 27. Bd4 Ncd7 28.
Re3 Bc5 29. Rh3+ Kg8 30. Qh4 Kf8 31. Qh8+ Ke7 32. Qh4 Qc6 33. Ne2 Bxd4 34. Nxd4
Qc4 35. Qf2 Kd6 36. Rc3 Qxa2 37. b3 Rc8 38. Qe3 Qb2 39. Rxc8 Rxc8 40. Rg1 Rc3
41. Qe1 e3 42. Be2 Ne4 43. Rxg7 Nf2+ 44. Kg2 Rxc2 45. Qb4+ Nc5 46. Nxc2 Qxg7+
47. Kf1 Nh3 48. Bd3 Qg1+ 49. Ke2 Qf2+ 50. Kd1 Nxf4 51. Ne1 Qxh2 0-1

[Event "VI Festival B"]
[Site "Montecatini Terme ITA"]
[Date "1997.08.??"]
[Round "?"]
[White "Bussa, Paolo"]
[Black "Bonghi, Alessandro"]
[Result "0-1"]
[WhiteElo "1722"]
[BlackElo "1827"]
[PlyCount "72"]
[EventDate "1997.08.01"]

1. d4 Nf6 2. Nf3 b6 3. Bg5 Bb7 4. Nbd2 c5 5. e3 cxd4 6. exd4 e6 7. Bd3 Be7 8.
c3 O-O 9. O-O d6 10. Rc1 Nbd7 11. Re1 Nd5 12. Bxe7 Qxe7 13. c4 Nf4 14. Bb1 Rac8
15. Qa4 Rc7 16. d5 Nc5 17. Qc2 g6 18. Re3 e5 19. Ne4 Nxe4 20. Rxe4 Bxd5 21.
Ree1 Nxg2 22. Kxg2 Qg5+ 23. Kf1 Bxf3 24. Re3 Qg2+ 25. Ke1 Qg1+ 26. Kd2 Qxf2+
27. Kd3 e4+ 28. Kd4 Qh4 29. Ree1 d5 30. b3 Qf6+ 31. Ke3 d4+ 32. Kf2 Qh4+ 33.
Kg1 Rc5 34. Rxe4 Rg5+ 35. Kf1 Qh3+ 36. Ke1 Rg1+ 0-1

[Event "VI Festival B"]
[Site "Montecatini Terme ITA"]
[Date "1997.08.??"]
[Round "?"]
[White "Gurzoni, Francesco"]
[Black "Bonghi, Alessandro"]
[Result "0-1"]
[WhiteElo "1723"]
[BlackElo "1827"]
[PlyCount "58"]
[EventDate "1997.08.01"]

1. e4 c5 2. d4 cxd4 3. c3 dxc3 4. Nxc3 e6 5. Nf3 Bc5 6. Bc4 Ne7 7. O-O a6 8. a3
b5 9. Ba2 Bb7 10. b4 Bb6 11. Bb2 O-O 12. Rc1 Nbc6 13. Bb1 Ng6 14. Ne2 d6 15.
Ng3 Qe7 16. Nh5 f6 17. Ba2 Rfd8 18. Qb3 d5 19. exd5 Rxd5 20. Ng3 Nge5 21. Rfd1
Rad8 22. Rxd5 Rxd5 23. Nf5 Nxf3+ 24. Qxf3 Rxf5 25. Qxf5 Nd8 26. Re1 g6 27.
Bxe6+ Kg7 28. Qg4 Bc8 29. Bxf6+ Qxf6 0-1

[Event "VI Festival B"]
[Site "Montecatini Terme ITA"]
[Date "1997.08.??"]
[Round "?"]
[White "Zammarchi, Massimo"]
[Black "Bonghi, Alessandro"]
[Result "1-0"]
[WhiteElo "1798"]
[BlackElo "1827"]
[PlyCount "59"]
[EventDate "1997.08.01"]

1. e4 c5 2. Nf3 d6 3. d4 cxd4 4. Nxd4 Nf6 5. Nc3 a6 6. f4 Qc7 7. Bd3 Nbd7 8.
O-O e5 9. Nf5 Nc5 10. Qf3 Nxd3 11. cxd3 b5 12. a3 Bb7 13. Kh1 Nd7 14. Ne3 Nb6
15. Bd2 Qd7 16. Rae1 Qe6 17. Ned5 Nxd5 18. exd5 Qe7 19. d4 f6 20. dxe5 O-O-O
21. e6 f5 22. Qd3 g6 23. Qd4 Bg7 24. Qa7 Kc7 25. Rc1 Ra8 26. Nxb5+ Kd8 27. Qb6+
Ke8 28. Nxd6+ Kf8 29. Rc7 Bd4 30. Qxb7 1-0

[Event "VI Festival B"]
[Site "Montecatini Terme ITA"]
[Date "1997.08.05"]
[Round "5"]
[White "Rossetti, Giovanni"]
[Black "Cappellari, Mario"]
[Result "1-0"]
[WhiteElo "1719"]
[BlackElo "1717"]
[PlyCount "73"]
[EventDate "1997.08.01"]

1. Nf3 f5 2. e4 fxe4 3. Ng5 Nf6 4. d3 d5 5. dxe4 h6 6. e5 hxg5 7. exf6 gxf6 8.
Bd3 Be6 9. Bg6+ Bf7 10. Bxf7+ Kxf7 11. f4 Qd6 12. fxg5 Bg7 13. Nc3 c6 14. Qf3
Nd7 15. Bf4 e5 16. Bg3 Raf8 17. gxf6 Bxf6 18. O-O-O Ke8 19. Qe2 Qe6 20. Kb1 e4
21. Qe3 b6 22. Rhf1 Ne5 23. Nxe4 dxe4 24. Qxe4 Qg4 25. Qe3 Rh5 26. Rd4 Qe6 27.
Re4 Bg7 28. Re1 Rff5 29. Bf4 Rxf4 30. Qxf4 Rf5 31. Qe3 Kf7 32. g4 Rf3 33. Qxf3+
Nxf3 34. Rxe6 Nxh2 35. Rxc6 Nxg4 36. Rc7+ Kf6 37. Rxg7 1-0

[Event "I Festival B"]
[Site "Salsomaggiore Terme ITA"]
[Date "1997.05.??"]
[Round "5"]
[White "Cappellari, Mario"]
[Black "Trangoni, Bruno"]
[Result "1-0"]
[WhiteElo "1696"]
[BlackElo "1704"]
[PlyCount "90"]
[EventDate "1997.05.15"]

1. e4 c6 2. d3 d5 3. Nd2 e5 4. g3 Nf6 5. Bg2 Bc5 6. Ngf3 Qd6 7. O-O Bg4 8. c3
Nbd7 9. b4 Bb6 10. a4 a5 11. Ba3 axb4 12. cxb4 O-O 13. a5 Bd4 14. Rc1 Rxa5 15.
Qb3 Rb5 16. Nxd4 exd4 17. exd5 Nxd5 18. Ne4 Qg6 19. Rc4 Be6 20. Nd6 Nc3 21.
Nxb5 cxb5 22. Rxc3 Bxb3 23. Rxb3 Ne5 24. Be4 Qh5 25. f4 Ng4 26. Rb2 Ra8 27. Rc2
Ne3 28. Rc5 Qh3 29. Rfc1 g6 30. Bb2 h5 31. Bxd4 h4 32. Bxb7 hxg3 33. Rc8+ Kh7
34. Bxe3 gxh2+ 35. Kf2 Rxc8 36. Bxc8 Qxc8 37. Rxc8 h1=Q 38. Rc5 Qh2+ 39. Ke1
Qg3+ 40. Kd2 Qg2+ 41. Kc3 Qe2 42. Re5 Qe1+ 43. Bd2 Qa1+ 44. Kc2 Qa2+ 45. Kd1
Qa6 1-0

[Event "XVIII Moglianoscacchi"]
[Site "Mogliano Veneto ITA"]
[Date "1997.??.??"]
[Round "2"]
[White "Mileto, Gabriele"]
[Black "Pastres, Roberto"]
[Result "0-1"]
[WhiteElo "2210"]
[BlackElo "2200"]
[PlyCount "50"]
[EventDate "1997.??.??"]

1. Nf3 f5 2. g3 Nf6 3. Bg2 g6 4. O-O Bg7 5. c4 d6 6. Nc3 e5 7. d3 O-O 8. Rb1
Nc6 9. b4 h6 10. b5 Ne7 11. Nd2 g5 12. Nd5 Nexd5 13. cxd5 Qe8 14. e3 Qg6 15.
Bb2 f4 16. Ne4 Nxd5 17. Qb3 Be6 18. Nxg5 hxg5 19. Bxd5 Rae8 20. Bxe6+ Rxe6 21.
Rbc1 Rf7 22. Qd5 f3 23. Qe4 Qh5 24. h4 d5 25. Qxd5 Qg4 0-1

[Event "XVIII Moglianoscacchi"]
[Site "Mogliano Veneto ITA"]
[Date "1997.??.??"]
[Round "3"]
[White "Pastres, Roberto"]
[Black "Mufic, Goran"]
[Result "1-0"]
[WhiteElo "2200"]
[BlackElo "2350"]
[PlyCount "91"]
[EventDate "1997.??.??"]

1. e4 c5 2. Nf3 Nc6 3. Nc3 g6 4. g3 Bg7 5. Bg2 e6 6. O-O Nge7 7. Ne2 Qb6 8. c3
O-O 9. d4 cxd4 10. Nfxd4 d5 11. exd5 Nxd4 12. Nxd4 Nxd5 13. Nc2 Rd8 14. Qe2 Bd7
15. c4 Ne7 16. Bg5 Kf8 17. Rab1 Bc6 18. b4 Bxg2 19. Kxg2 Rac8 20. Rfd1 Qc6+ 21.
Kg1 Ke8 22. Bxe7 Kxe7 23. Ne3 Qe4 24. Rb3 Bd4 25. Rc1 h5 26. f3 Qe5 27. Kg2 h4
28. Re1 h3+ 29. Kxh3 Rh8+ 30. Kg2 Rxh2+ 31. Kxh2 Rh8+ 32. Kg2 Qh5 33. f4 Qh3+
34. Kf3 g5 35. Qg2 Qh5+ 36. Kf2 gxf4 37. Qxb7+ Kf8 38. Qg2 fxe3+ 39. Rbxe3 Qh6
40. g4 Qf4+ 41. Qf3 Rh2+ 42. Kf1 Rf2+ 43. Qxf2 Qxg4 44. Qg2 Qf4+ 45. Qf2 Qg4
46. Qf3 1-0

[Event "Weekend 1N"]
[Site "Mestre - Venezia ITA"]
[Date "1997.??.??"]
[Round "1"]
[White "Ventura, Paolo"]
[Black "Cosma, Bruno"]
[Result "0-1"]
[WhiteElo "1734"]
[BlackElo "1692"]
[PlyCount "88"]
[EventDate "1997.??.??"]

1. d4 d6 2. c4 g6 3. Nf3 Bg7 4. Nc3 Nd7 5. g3 c6 6. Bg2 Ngf6 7. e4 O-O 8. O-O
a6 9. a4 Qc7 10. Ra3 e5 11. d5 c5 12. a5 Rb8 13. Bd2 b5 14. axb6 Nxb6 15. Qe2
Ng4 16. h3 Nh6 17. g4 f5 18. gxf5 gxf5 19. Ng5 Qe7 20. Kh2 f4 21. Nf3 Kh8 22.
Rg1 Nd7 23. Nd1 Nf6 24. Ng5 Nfg4+ 25. Kh1 Qxg5 26. hxg4 Bxg4 27. Bh3 Bxe2 28.
Rxg5 Bxd1 29. Rxa6 Nf7 30. Rg1 Bf3+ 31. Bg2 Bxg2+ 32. Kxg2 Rxb2 33. Ba5 Ng5 34.
Rxd6 Nxe4 35. Rc6 Rxf2+ 36. Kh3 Rf6 37. Rc8+ Rf8 38. Rc7 Rf3+ 39. Kh2 Rg3 40.
Re1 Ng5 41. Rb1 e4 42. Rxc5 Bd4 43. Rc6 Rh3+ 44. Kg2 f3+ 0-1

[Event "Weekend 1N"]
[Site "Mestre - Venezia ITA"]
[Date "1997.??.??"]
[Round "2"]
[White "Cosma, Bruno"]
[Black "Ribon, Andrea"]
[Result "0-1"]
[WhiteElo "1692"]
[BlackElo "1779"]
[PlyCount "53"]
[EventDate "1997.??.??"]

1. Nf3 c5 2. d4 cxd4 3. Nxd4 Nf6 4. Nc3 d6 5. e4 a6 6. Be2 e5 7. Nb3 Be7 8. O-O
O-O 9. Be3 Be6 10. f3 Nbd7 11. Bf2 Qc7 12. Qd2 Rac8 13. Rac1 Nb6 14. Na5 Rfd8
15. Rfd1 d5 16. exd5 Nbxd5 17. Nxd5 Rxd5 18. Qe1 Qxa5 19. Qf1 Rxd1 20. Qxd1
Qxa2 21. Bd3 Qa5 22. Qe2 Bc5 23. Re1 Qb6 24. b3 Bxf2+ 25. Qxf2 Qxf2+ 26. Kxf2
Nd7 27. Be4 0-1

[Event "Weekend 1N"]
[Site "Mestre - Venezia ITA"]
[Date "1997.??.??"]
[Round "3"]
[White "Celotto, Carlo"]
[Black "Cosma, Bruno"]
[Result "0-1"]
[WhiteElo "1725"]
[BlackElo "1692"]
[PlyCount "104"]
[EventDate "1997.??.??"]

1. d4 d6 2. e4 g6 3. c3 Bg7 4. f4 Nf6 5. Bd3 O-O 6. Nf3 Nbd7 7. O-O c5 8. e5
dxe5 9. fxe5 Nd5 10. Be4 Nc7 11. Qb3 cxd4 12. cxd4 Nb6 13. Nc3 Be6 14. Qd1 Ncd5
15. Qe1 Rc8 16. Bd2 Nxc3 17. bxc3 Bd5 18. Bd3 Bc4 19. Qe2 Qd5 20. Bxc4 Nxc4 21.
a4 Rfd8 22. Bf4 h6 23. h4 a6 24. Rfb1 Na5 25. Qe1 e6 26. Bd2 Nb3 27. Ra2 Nxd4
28. Nxd4 Qxa2 29. Rxb7 Qd5 30. Ra7 Bxe5 31. Qf2 Rd7 32. Rxd7 Qxd7 33. Qe3 Bg7
34. a5 Rd8 35. Nf3 Qd3 36. Qc5 Qd5 37. Qe7 Qxa5 38. Bf4 Rd1+ 39. Kh2 Qf5 40.
Bg3 Qb1 41. Bf4 Qf5 42. Bg3 Bxc3 43. Qe8+ Kg7 44. Qa4 Qb1 45. Bf2 Rh1+ 46. Kg3
Qb5 47. Bd4+ Bxd4 48. Qxd4+ Kh7 49. Qf6 Qf5 50. Qe7 Rd1 51. Qf8 Rd3 52. Kh2
Qf4+ 0-1

[Event "Weekend 1N"]
[Site "Mestre - Venezia ITA"]
[Date "1997.??.??"]
[Round "4"]
[White "Cosma, Bruno"]
[Black "Verducci, Gianni"]
[Result "1-0"]
[WhiteElo "1692"]
[BlackElo "1791"]
[PlyCount "119"]
[EventDate "1997.??.??"]

1. Nf3 d5 2. d4 Nf6 3. Bf4 Bg4 4. Nbd2 e6 5. h3 Bh5 6. e3 Bd6 7. Bxd6 Qxd6 8.
Be2 Nbd7 9. O-O O-O 10. c4 Rfe8 11. Rc1 c6 12. Qc2 Bg6 13. Qc3 Ne4 14. Nxe4
Bxe4 15. Ne5 h6 16. f4 dxc4 17. Bxc4 Nb6 18. Bb3 Nd5 19. Qe1 Rac8 20. Qg3 c5
21. dxc5 Rxc5 22. Rcd1 Qc7 23. Ng4 Kh8 24. Nf2 Bc2 25. Bxc2 Rxc2 26. Nd3 Qb6
27. Rf3 Re2 28. Re1 Rd2 29. Ne5 Qc7 30. e4 Nf6 31. Rc3 Qb6+ 32. Kh2 Qxb2 33.
Nxf7+ Kh7 34. Rc7 Rd7 35. Rxd7 Nxd7 36. Qd3 Nc5 37. Qe3 b6 38. Re2 Qf6 39. Nd6
Rd8 40. e5 Qg6 41. Rd2 Rf8 42. g3 h5 43. h4 Qb1 44. Qe2 g6 45. Rc2 Rd8 46. Qg2
Qd1 47. a4 Qa1 48. Ra2 Qd4 49. a5 Rd7 50. axb6 axb6 51. Ne8 Rb7 52. Nf6+ Kg7
53. Rd2 Qa4 54. Rd8 Re7 55. Rg8+ Kf7 56. Rh8 Kg7 57. Rg8+ Kf7 58. Ra8 Qd4 59.
Qc2 Nd7 60. Nxh5 1-0

[Event "Weekend 1N"]
[Site "Mestre - Venezia ITA"]
[Date "1997.??.??"]
[Round "5"]
[White "Cosma, Bruno"]
[Black "Torri, Graziano"]
[Result "1-0"]
[WhiteElo "1692"]
[BlackElo "1705"]
[PlyCount "69"]
[EventDate "1997.??.??"]

1. Nf3 Nf6 2. d4 c5 3. c3 cxd4 4. cxd4 Nc6 5. Nc3 d5 6. h3 Bf5 7. Bf4 e6 8. e3
Bb4 9. Bb5 Bxc3+ 10. bxc3 Qa5 11. Qb3 O-O 12. O-O Rac8 13. c4 a6 14. Bxc6 Rxc6
15. c5 b5 16. a4 Nd7 17. Bd6 Re8 18. axb5 Qxb5 19. Qc3 Qd3 20. Qb2 Qb5 21. Qd2
Qd3 22. Rfd1 Qxd2 23. Rxd2 Ra8 24. Rb2 Ra7 25. Ne5 Rc8 26. Nxd7 Rxd7 27. Rxa6
Bd3 28. Rab6 h5 29. g4 hxg4 30. hxg4 Kh7 31. Rb8 Rxb8 32. Rxb8 Kg6 33. Kg2 Be2
34. Kg3 Bd3 35. Bf4 1-0

[Event "Weekend 1N"]
[Site "Mestre - Venezia ITA"]
[Date "1997.??.??"]
[Round "6"]
[White "Gennari, Leone"]
[Black "Cosma, Bruno"]
[Result "0-1"]
[WhiteElo "1705"]
[BlackElo "1692"]
[PlyCount "78"]
[EventDate "1997.??.??"]

1. d4 d6 2. c4 g6 3. Nc3 Bg7 4. e4 Nd7 5. Nf3 c6 6. Be2 e5 7. Be3 Ne7 8. O-O
O-O 9. d5 c5 10. Ne1 a6 11. Nc2 f5 12. f3 f4 13. Bf2 g5 14. b4 b6 15. a4 Ng6
16. Qd2 h5 17. Rfb1 Nf6 18. Kf1 g4 19. Ke1 Bh6 20. Kd1 Kh7 21. Ne1 Rg8 22. Kc2
g3 23. Bg1 gxh2 24. Bxh2 Ng4 25. Bg1 Ne3+ 26. Kb3 Nh4 27. Bxe3 fxe3 28. Qd3
Nxg2 29. Nxg2 Rxg2 30. Rh1 h4 31. Rag1 h3 32. Nd1 Qg5 33. Rf1 Bd7 34. Nc3 Rg8
35. b5 a5 36. Qd1 Qg3 37. Na2 h2 38. Nc1 Rg1 39. Nd3 Qg2 0-1